000 00782nam a22002177a 4500
999 _c20277
_d20277
003 AR-CdUCM
008 190528b ||||| |||| 00| 0 spa d
040 _aMUNICIPALIDAD PROVINCIAL DEL CUSCO
_cBIBLIOTECA MUNICIPAL DEL CUSCO
082 _a333.185 /
_bG71
100 _aGonzales Mires, Cesar
_91878
245 _aElementos de la estructura agraria peruana /
260 _aCusco :
_bLa amistad,
_c1982.
300 _a348 páginas ;
_c21 cm.
_bCuadros.
505 _aContenido: Agricultura y capitalismo -- Imágenes, problemas y temas -- Una historia natural y social...
650 _aEstructura agraria
_942379
650 _aProducción agrícola
_914763
650 _aDesarrollo
_92021
650 _aPolítica regional
_942380
942 _2ddc
_cLIBROS
945 _aJavier